000 00478pab a2200181 454500
008 180718b2015 xxu||||| |||| 00| 0 eng d
100 _aChattopadhyay, Aparajita
245 _aPrimary childlessness among married men in India
260 _c2015
300 _ap.325-340.
362 _aSep-Dec
650 _aMarried men - India
650 _aFertility - India
650 _aFertility
700 _aMukherjee, Ritika
773 _aSociological Bulletin
909 _a110471
999 _c110466
_d110466